Statistics for Street Drugs Scientific Names from Street Names

Click here to take the quiz!

General Stats

  • This quiz has been taken 25 times
  • The average score is 3 of 9

Answer Stats

HintAnswer% Correct
EcstasyMDMA
80%
MethMethamphetamine
64%
AlcoholEthanol
40%
Magic MushroomsPsilocybe semilanceata
36%
DMTDimethyltryptamine
20%
HeroinDiacetylmorphine
12%
AcidLysergic Acid Diethylamide
8%
CocaineBenzoylmethylecgonine
4%
CodeineMethylmorphine
4%

Score Distribution

Percentile by Number Answered

Percent of People with Each Score

Your Score History

You have not taken this quiz